000 00961nam a2200313 4500
003 EG-GICUC
005 20260321114933.0
008 260312s1929 uk ||||fr|||| 000 0 eng d
040 _aEG-GiCUC
_beng
_cEG-GiCUC
_dEG-GiCUC
_erda
041 _aeng
_heng
082 0 4 _221
_a341.71094
_bLA . A
092 0 4 _221
099 _aLaw 11 341.71094 LA . A 1929
100 1 _aLatham, John
_eAuthor.
245 1 0 _aAustralia and the British Commonwealth /
_cBy J. G. Latham.
264 1 _aLondon ;
_bMacmillan,
_c1929.
300 _a149 pages :
_billustrations,
_c24 cm
336 _2rda content
_atext
337 _2rda media
_aComputer
338 _2rda carrier
_aOnline Resource
500 _aIndex included
504 _aBibliography: pages 200-250.
546 _aText in English
650 1 _aPublic international law
_2qrmak
651 1 _2qrmak
856 4 0 _uhttps://fll.law.cu.edu.eg/fulltext/bks/B11-08515.pdf
905 _a31
942 _2ddc
_n0
_cBK
_e21
999 _c66231
_d66231